000 00216nam a22000857a 4500
008 170119b xxu||||| |||| 00| 0 eng d
100 _92499
_aMadan.R.B.
245 _aEnglish Workbook
260 _aNew Delhi
_bPeriwinker
_c2010
999 _c5566
_d5566